00516nam a2200193 a 4500001001300000003000900013005001700022008004100039020002300080082001700103100002500120245002900145260004600174300000900220500003500229505001000264650002300274700002500297nice12345678IN_TiNIC20260116012943.0050524s1981 lona grp 000 0 eng  a0040415 c21700a181.07bNAS1 aNasr, Seyyed Hossein aIslamic Life and Thought aLondonbGeorge Allen and Unwin Ltd c1981 a232p aincludes index and biblioraphy2 aIndex aPhilosophy-Islamic1 aNasr, Seyyed Hossein